|
|
|
|
| LEADER |
00000cam a22000004a 4500 |
| 001 |
musev2_2445 |
| 003 |
MdBmJHUP |
| 005 |
20230905040327.0 |
| 006 |
m o d |
| 007 |
cr||||||||nn|n |
| 008 |
100323s2011 wiu o 00 0 eng d |
| 010 |
|
|
|z 2010011575
|
| 020 |
|
|
|a 9780299235635
|
| 020 |
|
|
|z 9780299235642
|
| 035 |
|
|
|a (OCoLC)704294071
|
| 040 |
|
|
|a MdBmJHUP
|c MdBmJHUP
|
| 043 |
|
|
|a mm-----
|
| 050 |
0 |
4 |
|a HQ113
|b .G74 2011
|
| 082 |
0 |
|
|a 306.740938/09014
|2 22
|
| 245 |
0 |
0 |
|a Greek Prostitutes in the Ancient Mediterranean, 800 BCE-200 CE /
|c edited by Allison Glazebrook and Madeleine M. Henry.
|
| 264 |
|
1 |
|a Madison, Wis. :
|b University of Wisconsin Press,
|c 2011.
|
| 264 |
|
3 |
|a Baltimore, Md. :
|b Project MUSE,
|c 2012
|
| 264 |
|
4 |
|c ©2011.
|
| 300 |
|
|
|a 1 online resource (360 pages):
|b ill. ;
|
| 336 |
|
|
|a text
|b txt
|2 rdacontent
|
| 337 |
|
|
|a computer
|b c
|2 rdamedia
|
| 338 |
|
|
|a online resource
|b cr
|2 rdacarrier
|
| 490 |
0 |
|
|a Wisconsin studies in classics
|
| 504 |
|
|
|a Includes bibliographical references (p. 269-294) and index.
|
| 588 |
|
|
|a Description based on print version record.
|
| 650 |
|
0 |
|a Prostitutes
|z Rome
|x History.
|
| 650 |
|
0 |
|a Prostitutes
|z Greece
|x History.
|
| 655 |
|
7 |
|a Electronic books.
|2 local
|
| 700 |
1 |
|
|a Henry, Madeleine Mary,
|d 1949-
|
| 700 |
1 |
|
|a Glazebrook, Allison,
|d 1966-
|
| 710 |
2 |
|
|a Project Muse.
|e distributor
|
| 830 |
|
0 |
|a Wisconsin studies in classics.
|
| 830 |
|
0 |
|a Book collections on Project MUSE.
|
| 856 |
4 |
0 |
|z Texto completo
|u https://projectmuse.uam.elogim.com/book/2445/
|
| 945 |
|
|
|a Project MUSE - Custom Collection
|
| 945 |
|
|
|a Project MUSE - 2011 Complete
|
| 945 |
|
|
|a Project MUSE - 2011 History
|